Tribhuvan University Central Library

Garibi nibaranka lagi sahakari (Record no. 89731)

MARC details
000 -LEADER
fixed length control field 00506nam a22001937a 4500
008 - FIXED-LENGTH DATA ELEMENTS--GENERAL INFORMATION
fixed length control field 200106b xxu||||| |||| 00| 0 eng d
020 ## - INTERNATIONAL STANDARD BOOK NUMBER
International Standard Book Number 9789937294140
041 ## - LANGUAGE CODE
Language code of text/sound track or separate title Nep.
082 ## - DEWEY DECIMAL CLASSIFICATION NUMBER
Classification number N334.2/K913g
100 ## - MAIN ENTRY--PERSONAL NAME
Personal name Sharma, Khagaraj
245 ## - TITLE STATEMENT
Title Garibi nibaranka lagi sahakari
260 ## - PUBLICATION, DISTRIBUTION, ETC.
Place of publication, distribution, etc. Rupandehi:
Name of publisher, distributor, etc. Jilla Sahakari Sangh,
Date of publication, distribution, etc. 2071.B.S.
300 ## - PHYSICAL DESCRIPTION
Extent 290p.
504 ## - BIBLIOGRAPHY, ETC. NOTE
Bibliography, etc. note Bibliography p.288-290.
650 ## - SUBJECT ADDED ENTRY--TOPICAL TERM
Topical term or geographic name entry element Cooperatives
650 ## - SUBJECT ADDED ENTRY--TOPICAL TERM
Topical term or geographic name entry element Poverty alleviation
650 ## - SUBJECT ADDED ENTRY--TOPICAL TERM
Topical term or geographic name entry element poverty
942 ## - ADDED ENTRY ELEMENTS (KOHA)
Source of classification or shelving scheme Dewey Decimal Classification
Koha item type ISBN
Holdings
Withdrawn status Lost status Source of classification or shelving scheme Damaged status Not for loan Home library Current library Date acquired Total Checkouts Full call number Barcode Date last seen Price effective from Koha item type
    Dewey Decimal Classification     Tribhuvan University Central Library Tribhuvan University Central Library 01/06/2020   N334.2/k913g IS10727 01/06/2020 01/06/2020 ISBN
    Dewey Decimal Classification     Tribhuvan University Central Library Tribhuvan University Central Library 01/06/2020   N334.2/k913g IS10457 01/06/2020 01/06/2020 ISBN